| 000 | 00829nam a22002177a 4500 | ||
|---|---|---|---|
| 003 | OSt | ||
| 005 | 20251222154412.0 | ||
| 008 | 251222b |||||||| |||| 00| 0 eng d | ||
| 020 | _a97899748495231 (pbk) | ||
| 040 | _cDCL | ||
| 041 | _aEnglish | ||
| 082 | _a959.104 | ||
| 245 | 1 | 0 |
_aTwentieth century impressions of Burma : _bits history, people, commerce, industries, and resources / _ceditor-in-chief, Arnold Wright ; assistant editors, H.A. Cartwright and O. Breakspear. |
| 260 |
_aBangkok : _bWhite Lotus Press, _c2015. |
||
| 300 |
_a416 pages : _billustrations ; _c29 cm. |
||
| 500 | _aIncludes bibliographical references and index. | ||
| 504 | _aIncludes bibliographical references and index. | ||
| 651 |
_aMyanmar _vHistory _y20th century |
||
| 700 | 1 |
_aWright, Arnold _eeditor |
|
| 942 |
_2ddc _cSHORT TERM _n0 |
||
| 999 |
_c2786 _d2786 |
||